The Tragedo of King Lear

Gespeichert in:
Bibliographische Detailangaben
1. Verfasser: Shakespeare, William
Format: Buch
Sprache:Undetermined
Veröffentlicht: New York, Estados Unidos Washington Square Press 1972
Schlagworte:
Tags: Tag hinzufügen
Keine Tags, Fügen Sie den ersten Tag hinzu!

MARC

LEADER 00000nam a2200000Ia 4500
008 170316s9999 xx 000 0 und d
040 |a cru BVZT 
090 |a 820 S-5k 
100 |a Shakespeare, William 
245 |a The Tragedo of King Lear 
260 |a New York, Estados Unidos 
260 |b Washington Square Press 
260 |c 1972 
300 |a 125 páginas 
650 |a LITERATURA INGLESA  |9 12 
999 |c 7137  |d 7137 
942 |c LIB  |h 820 S-5k  |2 z